In memoriam dr. Varga Béla
Elmentve itt :
| Szerző: | |
|---|---|
| Dokumentumtípus: | Cikk |
| Megjelent: |
2008-09-22
|
| Sorozat: | Délmagyarország
98 No. 222 |
| Kulcsszavak: | Varga Béla, Pusztaszer, Orvos, Nekrológ |
| Online Access: | http://dmarchiv.bibl.u-szeged.hu/144111 |
| LEADER | 00488nab a2200157 i 4500 | ||
|---|---|---|---|
| 001 | delm144111 | ||
| 005 | 20200103122846.0 | ||
| 008 | 200103s2008 hu o 0|| hun d | ||
| 040 | |a SZTE Délmagyarország Archívum |b hun | ||
| 041 | |a hun | ||
| 100 | 2 | |a Baghyné Makra Ilona | |
| 245 | 1 | 3 | |a In memoriam dr. Varga Béla |h [elektronikus dokumentum] / |c Baghyné Makra Ilona |
| 260 | |c 2008-09-22 | ||
| 300 | |a 13 | ||
| 490 | 0 | |a Délmagyarország |v 98 No. 222 | |
| 695 | |a Varga Béla, Pusztaszer, Orvos, Nekrológ | ||